[Event "Pardubice Region-chT 2223"]
[Site "Czech Republic"]
[Date "2023.02.26"]
[Round "9.1"]
[White "Hurt, Lukas"]
[Black "Hlavacek, Robert"]
[Result "1/2-1/2"]
[WhiteElo "2067"]
[BlackElo "2145"]
[PlyCount "20"]
[EventDate "2022.10.09"]
[EventType "team-tourn"]
[EventRounds "11"]
[EventCountry "CZE"]
[SourceTitle "EXT 2024"]
[Source "ChessBase"]
[SourceDate "2023.10.10"]
[SourceVersion "1"]
[SourceVersionDate "2023.10.10"]
[SourceQuality "1"]

1. e4 d6 2. d4 Nf6 3. Nc3 c6 4. Be3 Qc7 5. a4 e5 6. Bc4 Be7 7. f3 0-0 8. Nge2 Nbd7 9. Qd3 a6 10. 0-0 exd4 1/2-1/2

[Event "CZE-chT2D 1920"]
[Site "Czech Republic"]
[Date "2020.02.23"]
[Round "9.2"]
[White "Jun, Rudolf Jr"]
[Black "Hlavacek, Robert"]
[Result "1/2-1/2"]
[WhiteElo "1984"]
[BlackElo "2137"]
[PlyCount "30"]
[EventDate "2019.10.13"]
[EventType "team-tourn"]
[EventRounds "11"]
[EventCountry "CZE"]
[SourceTitle "EXT 2024"]
[Source "ChessBase"]
[SourceDate "2023.10.10"]
[SourceVersion "1"]
[SourceVersionDate "2023.10.10"]
[SourceQuality "1"]
[WhiteTeam "Chotebor"]
[BlackTeam "Chrudim"]
[WhiteTeamCountry "CZE"]
[BlackTeamCountry "CZE"]

1. e4 e6 2. d4 d5 3. Nd2 c5 4. exd5 exd5 5. Ngf3 Nf6 6. Bb5+ Bd7 7. Bxd7+ Nbxd7 8. 0-0 Be7 9. Re1 0-0 10. c3 Re8 11. Nf1 Qc7 12. Ng3 Bd6 13. Bg5 Rxe1+ 14. Qxe1 Re8 15. Qf1 Bf4 1/2-1/2

[Event "CZE-chT2D 1920"]
[Site "Czech Republic"]
[Date "2020.01.12"]
[Round "6.2"]
[White "Hlavacek, Robert"]
[Black "Cechura, Petr"]
[Result "1/2-1/2"]
[WhiteElo "2137"]
[BlackElo "2214"]
[PlyCount "37"]
[EventDate "2019.10.13"]
[EventType "team-tourn"]
[EventRounds "11"]
[EventCountry "CZE"]
[SourceTitle "EXT 2024"]
[Source "ChessBase"]
[SourceDate "2023.10.10"]
[SourceVersion "1"]
[SourceVersionDate "2023.10.10"]
[SourceQuality "1"]
[WhiteTeam "Chrudim"]
[BlackTeam "Nachod Snezka"]
[WhiteTeamCountry "CZE"]
[BlackTeamCountry "CZE"]

1. d4 d5 2. Nf3 Nf6 3. Bg5 Nbd7 4. e3 Nb6 5. c3 Bg4 6. Nbd2 e6 7. Bd3 Bh5 8. 0-0 Be7 9. Qc2 Bg6 10. Ne5 Bxd3 11. Qxd3 0-0 12. f4 Nfd7 13. Bxe7 Qxe7 14. Rf3 f5 15. Rh3 Nxe5 16. dxe5 Nd7 17. Kh1 Nc5 18. Qe2 Ne4 19. Rg1 1/2-1/2

[Event "CZE-chT2D 1819"]
[Site "Czech Republic"]
[Date "2019.02.24"]
[Round "9.4"]
[White "Holasek, Pavel"]
[Black "Hlavacek, Robert"]
[Result "1/2-1/2"]
[WhiteElo "2095"]
[BlackElo "2134"]
[PlyCount "83"]
[EventDate "2018.10.14"]
[EventType "team-tourn"]
[EventRounds "11"]
[EventCountry "CZE"]
[SourceTitle "EXT 2022"]
[Source "ChessBase"]
[SourceDate "2021.10.06"]
[SourceVersion "1"]
[SourceVersionDate "2021.10.06"]
[SourceQuality "1"]
[WhiteTeam "Pardubice Rapid"]
[BlackTeam "Chrudim"]
[WhiteTeamCountry "CZE"]
[BlackTeamCountry "CZE"]

1. Nf3 d5 2. g3 c6 3. Bg2 Nf6 4. 0-0 Bf5 5. d3 e6 6. Nh4 Bg4 7. c3 Qb6 8. Qc2 Nbd7 9. e4 dxe4 10. dxe4 e5 11. Nd2 Be6 12. Ndf3 h6 13. Rd1 Qc7 14. Nf5 g6 15. Ne3 Be7 16. b3 0-0-0 17. a4 Nc5 18. Rxd8+ Rxd8 19. Nd2 Nd3 20. b4 Ne1 21. Qb2 Nxg2 22. Kxg2 Ng4 23. Nf3 h5 24. a5 f5 25. h3 fxe4 26. hxg4 exf3+ 27. Kxf3 hxg4+ 28. Kg2 Bg5 29. Qe2 Bxe3 30. fxe3 Qh7 31. Kg1 Rh8 32. Qg2 g5 33. e4 Qd7 34. Bxg5 Qd3 35. Rc1 Rf8 36. Rf1 Rxf1+ 37. Qxf1 Qxg3+ 38. Kh1 Qh3+ 39. Qxh3 gxh3 40. Bf6 b6 41. axb6 axb6 42. Bxe5 1/2-1/2

[Event "CZE-chT2D 1819"]
[Site "Czech Republic"]
[Date "2018.11.18"]
[Round "3.5"]
[White "Hlavacek, Robert"]
[Black "Moulis, Mojmir"]
[Result "0-1"]
[WhiteElo "2134"]
[BlackElo "2062"]
[PlyCount "84"]
[EventDate "2018.10.14"]
[EventType "team-tourn"]
[EventRounds "11"]
[EventCountry "CZE"]
[SourceTitle "EXT 2022"]
[Source "ChessBase"]
[SourceDate "2021.10.06"]
[SourceVersion "1"]
[SourceVersionDate "2021.10.06"]
[SourceQuality "1"]
[WhiteTeam "Chrudim"]
[BlackTeam "Orechov"]
[WhiteTeamCountry "CZE"]
[BlackTeamCountry "CZE"]

1. d4 d5 2. Nf3 Nf6 3. c4 e6 4. Nc3 c6 5. e3 Bd6 6. Bd3 0-0 7. 0-0 Nbd7 8. e4 dxc4 9. Bxc4 e5 10. Re1 Qc7 11. h3 b5 12. Bb3 b4 13. Na4 exd4 14. Nxd4 Re8 15. Qc2 Bb7 16. Nf5 Bf8 17. f3 Rac8 18. Be3 c5 19. Rac1 Ba6 20. Bc4 Bxc4 21. Qxc4 Ne5 22. Qe2 Qa5 23. b3 c4 24. Red1 c3 25. Qf2 Red8 26. Rxd8 Rxd8 27. Qg3 Ng6 28. Qg5 Qa6 29. e5 h6 30. Nxh6+ gxh6 31. Qxf6 Qxf6 32. exf6 Ne5 33. Kf1 Nd3 34. Rc2 Re8 35. Ke2 Ne1 36. Kxe1 Rxe3+ 37. Kf2 Re6 38. a3 a5 39. axb4 axb4 40. Rc1 Bd6 41. Kf1 Bf4 42. Rc2 Bg3 0-1

[Event "CZE-chT2D 1819"]
[Site "Czech Republic"]
[Date "2018.10.14"]
[Round "1.4"]
[White "Kulovana, Eva"]
[Black "Hlavacek, Robert"]
[Result "1/2-1/2"]
[WhiteElo "2181"]
[BlackElo "2134"]
[PlyCount "76"]
[EventDate "2018.10.14"]
[EventType "team-tourn"]
[EventRounds "11"]
[EventCountry "CZE"]
[SourceTitle "EXT 2022"]
[Source "ChessBase"]
[SourceDate "2021.10.06"]
[SourceVersion "1"]
[SourceVersionDate "2021.10.06"]
[SourceQuality "1"]
[WhiteTeam "Brno Lokomotiva"]
[BlackTeam "Chrudim"]
[WhiteTeamCountry "CZE"]
[BlackTeamCountry "CZE"]

1. e4 e6 2. d4 d5 3. Nd2 dxe4 4. Nxe4 Nd7 5. Nf3 Ngf6 6. Bg5 Be7 7. Nxf6+ Nxf6 8. Bd3 c5 9. dxc5 Qa5+ 10. c3 Qxc5 11. Qe2 Nd5 12. Bb5+ Kf8 13. Bd2 a6 14. Bd3 Bf6 15. 0-0 Ne7 16. Rad1 h5 17. Be4 g6 18. Be3 Qc7 19. Qd2 Kg7 20. Bg5 Bxg5 21. Qxg5 f6 22. Qd2 e5 23. Qd6 Qxd6 24. Rxd6 Nf5 25. Rd2 Rb8 26. Rfd1 Be6 27. Bd5 Rhe8 28. h3 h4 29. Bxe6 Rxe6 30. Rd7+ Kh6 31. Rc7 e4 32. Nd4 Nxd4 33. Rxd4 f5 34. c4 b6 35. Kf1 Kg5 36. Ke2 Rf8 37. b4 f4 38. Rd5+ Kh6 1/2-1/2

[Event "CZE-chT2D 1516"]
[Site "Czech Republic"]
[Date "2016.01.10"]
[Round "5.2"]
[White "Zeberski, Jakub"]
[Black "Hlavacek, Robert"]
[Result "1-0"]
[WhiteElo "2315"]
[BlackElo "2184"]
[PlyCount "65"]
[EventDate "2015.10.18"]
[EventType "team-tourn"]
[EventRounds "11"]
[EventCountry "CZE"]
[SourceTitle "EXT 2022"]
[Source "ChessBase"]
[SourceDate "2021.10.06"]
[SourceVersion "1"]
[SourceVersionDate "2021.10.06"]
[SourceQuality "1"]
[WhiteTeam "Rychnov nad Kneznou"]
[BlackTeam "Chrudim"]
[WhiteTeamCountry "CZE"]
[BlackTeamCountry "CZE"]

1. e4 e6 2. d4 d5 3. exd5 exd5 4. Nf3 Nf6 5. Bd3 Bd6 6. Qe2+ Qe7 7. Qxe7+ Bxe7 8. Bf4 c6 9. 0-0 0-0 10. Re1 Re8 11. Nbd2 h6 12. h3 Be6 13. Re2 Nbd7 14. a4 a5 15. c3 Bf8 16. Rae1 Rec8 17. g4 g5 18. Bg3 Ne8 19. Kg2 Bd6 20. Bxd6 Nxd6 21. Rxe6 fxe6 22. Rxe6 Nf7 23. Bg6 Re8 24. Bxf7+ Kxf7 25. Rxh6 Rg8 26. Nb3 Rg7 27. Kg3 Ke7 28. h4 Nf6 29. Nxg5 b5 30. Nc5 bxa4 31. f3 Rb8 32. Nxa4 Rgg8 33. Nh7 1-0

[Event "CZE-chT2D 1516"]
[Site "Czech Republic"]
[Date "2015.12.06"]
[Round "4.2"]
[White "Hlavacek, Robert"]
[Black "Ringel, Zbynek"]
[Result "1/2-1/2"]
[WhiteElo "2184"]
[BlackElo "2218"]
[PlyCount "27"]
[EventDate "2015.10.18"]
[EventType "team-tourn"]
[EventRounds "11"]
[EventCountry "CZE"]
[SourceTitle "EXT 2022"]
[Source "ChessBase"]
[SourceDate "2021.10.06"]
[SourceVersion "1"]
[SourceVersionDate "2021.10.06"]
[SourceQuality "1"]
[WhiteTeam "Chrudim"]
[BlackTeam "Hradec Kralove II"]
[WhiteTeamCountry "CZE"]
[BlackTeamCountry "CZE"]

1. d4 Nf6 2. c4 e6 3. Nc3 Bb4 4. e3 0-0 5. Nge2 d5 6. a3 Bxc3+ 7. Nxc3 b6 8. cxd5 exd5 9. b4 Re8 10. Qc2 c6 11. Bd3 Qd6 12. h3 a5 13. Rb1 Nbd7 14. Na4 1/2-1/2

[Event "CZE-chT1E 1415"]
[Site "Czech Republic"]
[Date "2015.02.15"]
[Round "8.7"]
[White "Kubik, Michael"]
[Black "Hlavacek, Robert"]
[Result "1-0"]
[WhiteElo "2177"]
[BlackElo "2205"]
[PlyCount "79"]
[EventDate "2014.10.19"]
[EventType "team-tourn"]
[EventRounds "11"]
[EventCountry "CZE"]
[SourceTitle "EXT 2016"]
[Source "ChessBase"]
[SourceDate "2015.10.08"]
[SourceVersion "1"]
[SourceVersionDate "2015.10.08"]
[SourceQuality "1"]
[WhiteTeam "Beskydy Chess School"]
[BlackTeam "Chrudim"]
[WhiteTeamCountry "CZE"]
[BlackTeamCountry "CZE"]

1. e4 e6 2. d4 d5 3. Nd2 Nf6 4. Bd3 c5 5. c3 Nc6 6. Ngf3 cxd4 7. cxd4 dxe4 8. Nxe4 Bb4+ 9. Nc3 0-0 10. 0-0 h6 11. a3 Bd6 12. Re1 Re8 13. Bc2 Bd7 14. Ne5 Ne7 15. Qd3 Bc6 16. Ne4 Ned5 17. Qh3 Bf8 18. Qg3 Qb6 19. Nc5 h5 20. Nc4 Qc7 21. Ne5 Bb5 22. a4 b6 23. axb5 bxc5 24. dxc5 Qxc5 25. Bd3 Nb4 26. Be3 Qd5 27. Bc4 Qb7 28. Rec1 Rec8 29. b3 Nbd5 30. Bd4 Bc5 31. Bxc5 Rxc5 32. Qf3 Qc7 33. Nd3 Rc8 34. Nxc5 Qxc5 35. h3 Nb4 36. Qe3 Qf5 37. Rxa7 Rd8 38. b6 Nc2 39. Qf3 Nd4 40. Qxf5 1-0

[Event "CZE-chT1E 1415"]
[Site "Czech Republic"]
[Date "2015.01.04"]
[Round "5.6"]
[White "Blahynka, Martin"]
[Black "Hlavacek, Robert"]
[Result "1/2-1/2"]
[WhiteElo "2237"]
[BlackElo "2205"]
[PlyCount "46"]
[EventDate "2014.10.19"]
[EventType "team-tourn"]
[EventRounds "11"]
[EventCountry "CZE"]
[SourceTitle "EXT 2016"]
[Source "ChessBase"]
[SourceDate "2015.10.08"]
[SourceVersion "1"]
[SourceVersionDate "2015.10.08"]
[SourceQuality "1"]
[WhiteTeam "Brno Duras"]
[BlackTeam "Chrudim"]
[WhiteTeamCountry "CZE"]
[BlackTeamCountry "CZE"]

1. d4 d5 2. c4 e6 3. Nc3 Nf6 4. cxd5 exd5 5. Bg5 Be7 6. e3 0-0 7. Bd3 c6 8. Qc2 h6 9. Bf4 Bd6 10. Nge2 Re8 11. 0-0 Bxf4 12. Nxf4 Qd6 13. Rab1 a5 14. Na4 Nbd7 15. Rfc1 Ne4 16. Bxe4 Rxe4 17. Nd3 Rh4 18. g3 Re4 19. b4 axb4 20. Rxb4 Re7 21. Nac5 Nxc5 22. Nxc5 Qf6 23. a4 h5 1/2-1/2

[Event "CZE-chT1E 1415"]
[Site "Czech Republic"]
[Date "2014.11.23"]
[Round "3.6"]
[White "Zednik, Josef"]
[Black "Hlavacek, Robert"]
[Result "1/2-1/2"]
[WhiteElo "2057"]
[BlackElo "2205"]
[PlyCount "51"]
[EventDate "2014.10.19"]
[EventType "team-tourn"]
[EventRounds "11"]
[EventCountry "CZE"]
[SourceTitle "CBM 163 Extra"]
[Source "ChessBase"]
[SourceDate "2014.12.23"]
[SourceVersion "1"]
[SourceVersionDate "2014.12.23"]
[SourceQuality "1"]
[WhiteTeam "Grygov"]
[BlackTeam "Chrudim"]
[WhiteTeamCountry "CZE"]
[BlackTeamCountry "CZE"]

1. d4 d5 2. Bg5 c6 3. e3 Qb6 4. Qc1 Bf5 5. Nf3 Nd7 6. Bd3 Bxd3 7. cxd3 g6 8. 0-0 Bg7 9. Nc3 f6 10. Bf4 e6 11. Bd6 Bh6 12. Qc2 Ne7 13. Na4 Qd8 14. e4 dxe4 15. dxe4 Nb6 16. Bxe7 Qxe7 17. Nc5 0-0 18. a4 Rab8 19. b4 Nd7 20. Nd3 Rfd8 21. Rab1 Rbc8 22. Qb3 Kh8 23. Rfe1 Nf8 24. h3 b6 25. Rbd1 Qc7 26. Nb2 1/2-1/2

[Event "CZE-chT1E 1314"]
[Site "Czech Republic"]
[Date "2014.04.13"]
[Round "11.6"]
[White "Hlavacek, Robert"]
[Black "Dvorak, Martin"]
[Result "1/2-1/2"]
[WhiteElo "2211"]
[BlackElo "2194"]
[PlyCount "104"]
[EventDate "2013.10.20"]
[EventType "team-tourn"]
[EventRounds "11"]
[EventCountry "CZE"]
[SourceTitle "EXT 2015"]
[Source "ChessBase"]
[SourceDate "2014.11.20"]
[SourceVersion "1"]
[SourceVersionDate "2014.11.20"]
[SourceQuality "1"]
[WhiteTeam "Chrudim"]
[BlackTeam "Kromeriz"]
[WhiteTeamCountry "CZE"]
[BlackTeamCountry "CZE"]

1. d4 d5 2. c4 c6 3. Nc3 Nf6 4. Nf3 e6 5. e3 Nbd7 6. Qc2 Bd6 7. b3 0-0 8. Be2 Re8 9. 0-0 dxc4 10. bxc4 e5 11. Bb2 Qe7 12. Rfe1 e4 13. Nd2 Nf8 14. f3 Qc7 15. Nf1 Bb4 16. a3 Ba5 17. Red1 Bf5 18. f4 h5 19. Ng3 Bg4 20. Bxg4 Nxg4 21. Qe2 Bxc3 22. Bxc3 g6 23. Rab1 Nd7 24. h3 Nh6 25. Ba1 h4 26. Nh1 Nf5 27. Nf2 b6 28. Ng4 Kh7 29. Qb2 Qd6 30. d5 c5 31. Qc3 Rf8 32. Ne5 Rad8 33. Nc6 Ra8 34. Ne5 Rad8 35. Rd2 f6 36. Ng4 Rde8 37. Qc2 Re7 38. Qa4 Nb8 39. Qb5 Rb7 40. a4 a5 41. Bc3 Qe7 42. Qb2 Nd7 43. Qc2 Rbb8 44. Ba1 Rbe8 45. Qc3 Qd6 46. Rf2 Re7 47. Rd2 Ree8 48. Rc2 Re7 49. Rf2 Ree8 50. Rfb2 Rb8 51. Rf2 Rbe8 52. Qb3 Re7 1/2-1/2

[Event "CZE-chT2D 1011"]
[Site "Czech Republic"]
[Date "2010.12.05"]
[Round "4"]
[White "Kratochvil, Josef"]
[Black "Hlavacek, Robert"]
[Result "1-0"]
[WhiteElo "2234"]
[BlackElo "2236"]
[PlyCount "51"]
[EventDate "2010.10.17"]
[EventType "team-tourn"]
[EventRounds "11"]
[EventCountry "CZE"]
[SourceTitle "EXT 2012"]
[Source "ChessBase"]
[SourceDate "2011.11.24"]
[SourceVersion "1"]
[SourceVersionDate "2011.11.24"]
[SourceQuality "1"]
[WhiteTeam "Trebic Caissa"]
[BlackTeam "Chrudim"]
[WhiteTeamCountry "CZE"]
[BlackTeamCountry "CZE"]

1. e4 e6 2. d3 d5 3. Nd2 Nf6 4. Ngf3 Be7 5. g3 0-0 6. Bg2 c5 7. 0-0 Nc6 8. e5 Nd7 9. Re1 Qc7 10. Qe2 b5 11. Nf1 b4 12. Bf4 a5 13. h4 Ba6 14. Ne3 Nb6 15. Ng4 Kh8 16. Ng5 Nd4 17. Qd1 Bxg5 18. Bxg5 Nf5 19. Bh3 Nd7 20. h5 Bb7 21. h6 g6 22. Nf6 Nb6 23. g4 Ne7 24. d4 Ng8 25. Qf3 cxd4 26. Ne8 1-0

[Event "CZE-chT2D 1011"]
[Site "Czech Republic"]
[Date "2010.11.07"]
[Round "2"]
[White "Smutny, Jan"]
[Black "Hlavacek, Robert"]
[Result "1/2-1/2"]
[WhiteElo "2188"]
[BlackElo "2236"]
[PlyCount "95"]
[EventDate "2010.10.17"]
[EventType "team-tourn"]
[EventRounds "11"]
[EventCountry "CZE"]
[SourceTitle "EXT 2012"]
[Source "ChessBase"]
[SourceDate "2011.11.24"]
[SourceVersion "1"]
[SourceVersionDate "2011.11.24"]
[SourceQuality "1"]
[WhiteTeam "Pardubice AKIS"]
[BlackTeam "Chrudim"]
[WhiteTeamCountry "CZE"]
[BlackTeamCountry "CZE"]

1. e4 e6 2. c4 b6 3. d4 Bb7 4. d5 e5 5. Bd3 Bb4+ 6. Nd2 Nf6 7. Ngf3 0-0 8. 0-0 Bxd2 9. Nxd2 d6 10. f4 exf4 11. Rxf4 Nbd7 12. Nf3 Ne5 13. Nxe5 dxe5 14. Rf5 Nd7 15. Be3 Qe7 16. Rc1 f6 17. Rf3 Nc5 18. Bb1 a5 19. Rg3 Kh8 20. Qd2 Bc8 21. Qf2 Bd7 22. b3 Be8 23. Bxc5 bxc5 24. Qd2 Qd6 25. Rf1 Bd7 26. h4 Rfb8 27. h5 Rb6 28. h6 g6 29. Rgf3 Qe7 30. Qf2 Raa6 31. d6 Qxd6 32. Rd3 Qe7 33. Rfd1 Be8 34. Rd5 Rc6 35. Bc2 Ra8 36. R1d3 Kg8 37. Qd2 Kf8 38. Bd1 Qe6 39. Qf2 Qe7 40. Bg4 Rd6 41. Rf3 Raa6 42. Rxc5 Rd4 43. Rd5 Rxe4 44. Bc8 Rb6 45. c5 Rc6 46. Bb7 Re6 47. Bc8 Rc6 48. Bb7 1/2-1/2

[Event "CZE-chT2D 1011"]
[Site "Czech Republic"]
[Date "2010.10.17"]
[Round "1"]
[White "Hlavacek, Robert"]
[Black "Rehurek, Lukas"]
[Result "1-0"]
[WhiteElo "2236"]
[BlackElo "2186"]
[PlyCount "53"]
[EventDate "2010.10.17"]
[EventType "team-tourn"]
[EventRounds "11"]
[EventCountry "CZE"]
[SourceTitle "EXT 2012"]
[Source "ChessBase"]
[SourceDate "2011.11.24"]
[SourceVersion "1"]
[SourceVersionDate "2011.11.24"]
[SourceQuality "1"]
[WhiteTeam "Chrudim"]
[BlackTeam "Brno Lokomotiva"]
[WhiteTeamCountry "CZE"]
[BlackTeamCountry "CZE"]

1. d4 Nf6 2. c4 e6 3. Nc3 Bb4 4. f3 d5 5. a3 Bxc3+ 6. bxc3 c5 7. cxd5 Nxd5 8. dxc5 Qa5 9. e4 Nf6 10. Ne2 Nbd7 11. Qd6 Nxc5 12. Be3 Ncd7 13. Qb4 Qxb4 14. axb4 a6 15. Nd4 0-0 16. Be2 Rd8 17. 0-0 e5 18. Nb3 b6 19. Rfd1 Bb7 20. Rd2 Kf8 21. Rda2 Rac8 22. c4 Ne8 23. Rd2 Ke7 24. Rad1 f6 25. Bf1 Ba8 26. Kf2 Bb7 27. g3 1-0

[Event "CZE-chT1W 0910"]
[Site "Czech Republic"]
[Date "2009.12.13"]
[Round "5.7"]
[White "Hlavacek, Robert"]
[Black "Bednar, Marcel"]
[Result "1/2-1/2"]
[WhiteElo "2229"]
[BlackElo "2159"]
[PlyCount "113"]
[EventDate "2009.10.11"]
[EventType "team-tourn"]
[EventRounds "11"]
[EventCountry "CZE"]
[SourceTitle "EXT 2011"]
[Source "ChessBase"]
[SourceDate "2010.11.26"]
[SourceVersion "1"]
[SourceVersionDate "2010.11.26"]
[SourceQuality "1"]
[WhiteTeam "Chrudim"]
[BlackTeam "Holdia"]
[WhiteTeamCountry "CZE"]
[BlackTeamCountry "CZE"]

1. d4 Nf6 2. c4 g6 3. Nc3 d5 4. Nf3 Bg7 5. Bf4 0-0 6. Rc1 a6 7. e3 dxc4 8. Bxc4 b5 9. Bb3 Bb7 10. a4 c6 11. h3 Nbd7 12. 0-0 Rc8 13. Qe2 Qb6 14. e4 c5 15. d5 c4 16. Ba2 Qa5 17. axb5 axb5 18. Bb1 Nc5 19. Nd2 b4 20. Nxc4 Qa6 21. Nd1 Nb3 22. Nde3 Nxc1 23. Rxc1 Nd7 24. Rd1 Nc5 25. Bg5 Rfe8 26. Qf3 Nb3 27. Bd3 Nd4 28. Qg4 h5 29. Qf4 e5 30. Nxe5 Bxe5 31. Qxe5 Rxe5 32. Bxa6 Bxa6 33. Bf6 Ne2+ 34. Kh2 Ree8 35. d6 Bb5 36. d7 Bxd7 37. Rxd7 Rxe4 38. Nd5 Ra8 39. Be7 Re5 40. Bxb4 Re6 41. Nc7 Rb6 42. Nxa8 Rxb4 43. Rd2 Nc1 44. Nc7 Rb3 45. Rc2 Nd3 46. Rc3 Rxc3 47. bxc3 Nxf2 48. Nd5 Ne4 49. g3 f5 50. Kg2 Kf7 51. h4 f4 52. gxf4 Ke6 53. c4 Kf5 54. Ne7+ Kxf4 55. Nxg6+ Kf5 56. Ne7+ Kg4 57. Ng6 1/2-1/2

[Event "CZE-chT1W 0910"]
[Site "Czech Republic"]
[Date "2009.10.11"]
[Round "1.6"]
[White "Moravec, Michal"]
[Black "Hlavacek, Robert"]
[Result "1/2-1/2"]
[WhiteElo "2273"]
[BlackElo "2229"]
[PlyCount "88"]
[EventDate "2009.10.11"]
[EventType "team-tourn"]
[EventRounds "11"]
[EventCountry "CZE"]
[SourceTitle "EXT 2011"]
[Source "ChessBase"]
[SourceDate "2010.11.26"]
[SourceVersion "1"]
[SourceVersionDate "2010.11.26"]
[SourceQuality "1"]
[WhiteTeam "Hradec Kralove"]
[BlackTeam "Chrudim"]
[WhiteTeamCountry "CZE"]
[BlackTeamCountry "CZE"]

1. c4 e6 2. Nf3 d5 3. e3 c6 4. b3 Nf6 5. Be2 Nbd7 6. Bb2 Bd6 7. d4 0-0 8. 0-0 Re8 9. Ne5 Qc7 10. f4 Ne4 11. Nd2 Nxd2 12. Qxd2 f6 13. Nd3 dxc4 14. bxc4 c5 15. Rac1 b6 16. Bf3 Rb8 17. Rfd1 Bb7 18. d5 exd5 19. cxd5 b5 20. Nf2 Nb6 21. Ne4 Nc4 22. Rxc4 bxc4 23. Bc3 Bc8 24. Nxd6 Qxd6 25. e4 Bd7 26. Re1 Rbd8 27. Qe3 Bf5 28. e5 Qb6 29. d6 fxe5 30. fxe5 Be6 31. Qg5 Qa6 32. Bd5 Qc8 33. Be4 Qd7 34. h4 Rf8 35. Qh5 Bf5 36. Qg5 Be6 37. Bd5 Qf7 38. Bxe6 Qxe6 39. Qe7 Rfe8 40. Qxa7 Ra8 41. Qc7 Rxa2 42. Rf1 Rxg2+ 43. Kxg2 Qg4+ 44. Kh2 Qxh4+ 1/2-1/2